Fundamental economics

Bibliographic Details
Main Author: Arifah Hamzah (Author)
Format: Book
Published: Petaling Jaya, Selangor : Prentice Hall , c2003
Subjects:

MARC

LEADER 00000cam a2200000 7i4500
001 0000046310
005 20050223093000.0
008 031218s2003
020 |a 9832639298 
090 0 0 |a HB171   |b .F853 2003 
245 0 0 |a Fundamental economics   |c Arifah Hamzah ... [et al.] 
260 2 |a Petaling Jaya, Selangor :   |b Prentice Hall ,   |c c2003 
300 |a 185 p. :   |b ill. ;   |c 24 cm. 
504 |a Includes bibliographical references and index 
650 0 |a Economics 
700 0 |a Arifah Hamzah ,   |e author 
999 |a 1000096911   |b Book   |c OPEN SHELF (30 DAYS)   |e Gong Badak Campus